000 00878nam a2200253Ia 4500
003 GCL
008 140319s9999 xx 000 0 ara d
040 _aGCL /
_cGCL
082 0 4 _aد
_b050
100 1 _aصموئيل أتينجر (تحرير)
245 1 0 _aاليهود فى البلدان الاسلامية (1850 - 1950) (عالم المعرفة 197) /
_cصموئيل أتينجر (تحرير)
700 1 _aميخال أفيطبول
700 1 _aرشاد الشامى (مراجع)
700 1 _aجمال الرفاعى
260 _a[S.N] :
_bالمجلس الوطنى للثقافة والفنون والاداب ،
_c1995
300 _a462 ص
490 _aعالم المعرفة
_v0
650 0 4 _aتاريخ
650 0 4 _aالهجرة
650 0 4 _aالصهيونية
650 0 4 _aالاسرائيليون
650 0 4 _aاليهود
942 _2ddc
_cBK
999 _c36536
_d36536